000 00463nam a2200181Ia 4500
005 20251020182530.0
008 200515s9999 xx 000 0 und d
082 _a696/G32
100 _aMERRICK GAY, Charles VAN FAWCETT, Charles de
245 0 _aInstalaciones en los edificios
260 _aBarcelona
260 _c1974
500 _a1 ejemplar
650 _aINSTALACIONES ELECTRICAS
650 _aINSTALACIONES SANITARIAS
650 _aLIB
942 _cLIB
999 _c2035
_d2035